Datum a čas kvízu
35
Celkem bodů
Celkový počet nahraných bodů na tomto kvízu bez doplňovacích otázek.
4.
Pořadí na kvízu
Konečné umístění týmu na tomto kvízu.
Zaznamenané odpovědi
| # | Otázka | Odpověď | Body | Výsledky |
|---|---|---|---|---|
| 1. | Ve středu se uskutečnilo letoš... | Jablonec nad Nisou | 0 | |
| 2. | Po ulicích jednoho středoslove... | Liptovský Mikuláš | 1 | |
| 3. | Organizace UNESCO přidala na s... | v Berlíně | 0 | |
| 4. | Některé provozovny jistého řet... | McDonald's | 1 | |
| 5. | Český útočník Patrik Schick se... | Karabach | 1 | |
| 6. | Téma začneme v Evropě. Seřaďte... | 1D 2B 3C 4A | 0 | |
| 7. | V souvislosti s Che Guevarou s... | v Argentině | 0 | |
| 8. | Jak se jmenuje tento živočich... | fosa | 0 | |
| 9. | Kolik ostrovních států se nach... | jeden | 0 | |
| 10. | Jak se jmenuje ostrovní stát,... | Papua Nová Guinea | 1 |